« Retourner aux résultats de recherche
enquêtes de Violette (Les)
| Auteur principal: | Fred Neidhardt |
|---|---|
| D'autres auteurs: | Laurel |
| Support: | Livres |
| Langue: | Francais |
| Publié: |
2018 Bamboo éd. Charnay-lès-Mâcon |
| Series: |
Les enquêtes de Violette |
| Genre: |
Bande Dessinée enfant ado |
| Sujets: | |
| Étiquettes: |
Ajouter
Pas de Tags !
|
| LEADER | 00726nam0a2200205 450 | ||
|---|---|---|---|
| 001 | 16831947 | ||
| 010 | |a 978-2-8189-4379-3 |b rel. |d 10,6 | ||
| 100 | |a 20180117d2018 u u0frey01 ba | ||
| 101 | 0 | |a fre | |
| 102 | |a FR | ||
| 200 | 0 | |a enquêtes de Violette (Les) |f scénario, Fred Neidhardt |g dessin & couleurs, Laurel | |
| 207 | 1 | |a | |
| 210 | |a Charnay-lès-Mâcon |c Bamboo éd. |d 2018 | ||
| 215 | |a 1 vol. (43 p.) |c ill. en coul. |d 30 cm | ||
| 461 | 0 | |t Les enquêtes de Violette |v 3 | |
| 700 | 0 | |a Neidhardt |b Fred |f 1964-.... |4 70 | |
| 702 | 0 | |a Laurel |f 1982-.... |4 440 | |
| 900 | |a Bande Dessinée enfant ado | ||
| 901 | |a Accessible au prêt | ||
| 995 | |a Bibliothèque |c Bibliothèque |f 024019921 |h 024019921 |k BD NEI |o p |q j |r az |e Bibliothèque | ||
